Northwest League Baseball Teams (MiLB A+) - Statistics

General Stats
  • This quiz has been taken 20 times
  • The average score is 5 of 6
Answer Stats
MLB Affiliate Team Answer % Correct
Blue Jays Vancouver Canadians
100%
Mariners Everett AquaSox
91%
Angels Tri-City Dust Devils
91%
Giants Eugene Emeralds
82%
Diamondbacks Hillsboro Hops
82%
Rockies Spokane Indians
82%
No matching quizzes found
Score Distribution
Percent of People with Each Score
Percentile by Number Answered
Your Score History
You have not taken this quiz